00327nam a2200121Ia 4500008004100000041000800041082001700049100001600066245004500082260003500127300003100162365001200193240624s9999 xx 000 0 und d aeng a658.4038 MIL aMILTON NICK aKNOWLEDGE MANAGEMENT FOR TEAMS AND PROJE c2005aOxfordbChaos Publishing axii, : 154 : p. : cm. ; 23 cGBPb28